|
|
|
|
| LEADER |
00000nab a2200000 a 4500 |
| 001 |
vtls001487553 |
| 003 |
SK-MaSNL |
| 005 |
20260303074450.0 |
| 008 |
050103 20041229xo wr er 000 0 slo |
| 015 |
|
|
|a KEVKJB2005
|
| 040 |
|
|
|a KEVKJB
|b slo
|c KEVKJB
|e AACR2
|
| 041 |
0 |
|
|a slo
|
| 044 |
|
|
|a xo
|c SK
|
| 080 |
|
|
|a 339.176
|2 UDC-MRF-SK2
|
| 100 |
1 |
|
|a Bejda, Róbert
|4 aut
|9 760251
|
| 245 |
1 |
0 |
|a Pomôcky nemajú sex nahrádzať, ale ho spestriť a spríjemniť
|b mnohí ľudia chodia iba na obzeračku, tvrdí majiteľ sexshopu, ktorý sa tomuto biznisu venuje už vyše 10 rokov
|c Róbert Bejda
|
| 300 |
|
|
|b Obr.
|
| 650 |
0 |
7 |
|a sexshopy
|x sortiment
|x reportáže
|2 kevkjb
|9 1077608
|
| 651 |
|
7 |
|a Košice (Slovensko)
|2 kevkjb
|9 18694
|
| 773 |
0 |
|
|t Košický večer
|g Roč.15(36), č.134 (29.12.2004), s.9
|
| 852 |
|
|
|a KEVKJB
|b KIS3GCP
|
| 999 |
|
|
|c 1771713
|d 1773643
|